<?xml version="1.0" encoding="UTF-8"?>
<record
    xmlns:xsi="http://www.w3.org/2001/XMLSchema-instance"
    xsi:schemaLocation="http://www.loc.gov/MARC21/slim http://www.loc.gov/standards/marcxml/schema/MARC21slim.xsd"
    xmlns="http://www.loc.gov/MARC21/slim">

  <leader>01846cas a2200445 a 4500</leader>
  <controlfield tag="001">44913</controlfield>
  <controlfield tag="003">BD-RjUL</controlfield>
  <controlfield tag="005">20211209053933.0</controlfield>
  <controlfield tag="008">160721s2007    dcuar    s   i0    0eng c</controlfield>
  <datafield tag="020" ind1=" " ind2=" ">
    <subfield code="a">0821369695 </subfield>
  </datafield>
  <datafield tag="035" ind1=" " ind2=" ">
    <subfield code="a">BD-RjUL45031</subfield>
  </datafield>
  <datafield tag="040" ind1=" " ind2=" ">
    <subfield code="a">TJC</subfield>
    <subfield code="c">TJC</subfield>
    <subfield code="d">MYG</subfield>
    <subfield code="d">CUI</subfield>
    <subfield code="d">IUL</subfield>
    <subfield code="d">OCLCA</subfield>
    <subfield code="d">DLC</subfield>
    <subfield code="d">MYG</subfield>
    <subfield code="d">BD-RjUL</subfield>
    <subfield code="b">eng</subfield>
  </datafield>
  <datafield tag="041" ind1=" " ind2=" ">
    <subfield code="a">eng</subfield>
  </datafield>
  <datafield tag="082" ind1=" " ind2=" ">
    <subfield code="2">22</subfield>
    <subfield code="a">336.3435 </subfield>
    <subfield code="b">LIT 2007 </subfield>
  </datafield>
  <datafield tag="099" ind1=" " ind2=" ">
    <subfield code="a">**See URL(s)</subfield>
  </datafield>
  <datafield tag="245" ind1="0" ind2="4">
    <subfield code="a">The little data book on external debt / </subfield>
  </datafield>
  <datafield tag="260" ind1=" " ind2=" ">
    <subfield code="a">Washington, D.C. :</subfield>
    <subfield code="b">World Bank,</subfield>
    <subfield code="c">c2007-</subfield>
  </datafield>
  <datafield tag="300" ind1=" " ind2=" ">
    <subfield code="a">vi, 152 p. : </subfield>
    <subfield code="b">ill. ; </subfield>
    <subfield code="c">21 cm. </subfield>
  </datafield>
  <datafield tag="500" ind1=" " ind2=" ">
    <subfield code="a">Description based on: 2007; title from title page.</subfield>
  </datafield>
  <datafield tag="500" ind1=" " ind2=" ">
    <subfield code="a">Latest issue consulted: 2009.</subfield>
  </datafield>
  <datafield tag="550" ind1=" " ind2=" ">
    <subfield code="a">Issued by the Development Data Group of the Development Economics Vice Presidency of the World Bank.</subfield>
  </datafield>
  <datafield tag="580" ind1=" " ind2=" ">
    <subfield code="a">A pocket edition of: Global development finance. Vol. 2, Summary and country tables, 2007-</subfield>
  </datafield>
  <datafield tag="650" ind1=" " ind2="0">
    <subfield code="a">Debts, External</subfield>
    <subfield code="z">Developing countries</subfield>
    <subfield code="v">Statistics</subfield>
    <subfield code="v">Periodicals.</subfield>
    <subfield code="9">137631</subfield>
  </datafield>
  <datafield tag="650" ind1=" " ind2="0">
    <subfield code="a">Finance</subfield>
    <subfield code="x">Statistics</subfield>
    <subfield code="z">Developing countries</subfield>
    <subfield code="v">Periodicals.</subfield>
    <subfield code="9">137632</subfield>
  </datafield>
  <datafield tag="650" ind1=" " ind2="0">
    <subfield code="a">International finance</subfield>
    <subfield code="v">Statistics</subfield>
    <subfield code="v">Periodicals.</subfield>
    <subfield code="9">137633</subfield>
  </datafield>
  <datafield tag="710" ind1="2" ind2=" ">
    <subfield code="a">World Bank.</subfield>
    <subfield code="b">Development Data Group.</subfield>
    <subfield code="9">137634</subfield>
  </datafield>
  <datafield tag="710" ind1="2" ind2=" ">
    <subfield code="a">World Bank.</subfield>
    <subfield code="9">137635</subfield>
  </datafield>
  <datafield tag="730" ind1="0" ind2=" ">
    <subfield code="a">Global development finance.</subfield>
    <subfield code="9">181727</subfield>
  </datafield>
  <datafield tag="780" ind1="0" ind2="0">
    <subfield code="t">Little book on external debt</subfield>
    <subfield code="x">1934-595X</subfield>
    <subfield code="w">(DLC)  2006242083</subfield>
    <subfield code="w">(OCoLC)68941495</subfield>
  </datafield>
  <datafield tag="787" ind1="1" ind2=" ">
    <subfield code="t">Global development finance</subfield>
    <subfield code="x">1020-5454</subfield>
    <subfield code="w">(DLC)   97660616</subfield>
    <subfield code="w">(OCoLC)36661599</subfield>
  </datafield>
  <datafield tag="856" ind1="4" ind2="1">
    <subfield code="u">http://elibrary.worldbank.org/</subfield>
    <subfield code="z">Search: Little data book on external debt</subfield>
  </datafield>
  <datafield tag="942" ind1=" " ind2=" ">
    <subfield code="2">ddc</subfield>
    <subfield code="c">BK</subfield>
  </datafield>
  <datafield tag="949" ind1=" " ind2="1">
    <subfield code="1">MIT Access Only</subfield>
    <subfield code="a">n-mit</subfield>
    <subfield code="b">NET</subfield>
    <subfield code="g">2007-</subfield>
    <subfield code="h">**See URL(s)</subfield>
    <subfield code="o">8</subfield>
    <subfield code="x">02</subfield>
  </datafield>
  <datafield tag="956" ind1="4" ind2="1">
    <subfield code="u">http://libraries.mit.edu/get/elib</subfield>
  </datafield>
  <datafield tag="999" ind1=" " ind2=" ">
    <subfield code="c">44913</subfield>
    <subfield code="d">44913</subfield>
  </datafield>
  <datafield tag="952" ind1=" " ind2=" ">
    <subfield code="0">0</subfield>
    <subfield code="1">0</subfield>
    <subfield code="2">ddc</subfield>
    <subfield code="4">0</subfield>
    <subfield code="7">1</subfield>
    <subfield code="8">NFIC</subfield>
    <subfield code="a">RUCL</subfield>
    <subfield code="b">RUCL</subfield>
    <subfield code="c">Reading</subfield>
    <subfield code="d">2008-03-29</subfield>
    <subfield code="e">Dhaka, MIDAS</subfield>
    <subfield code="g">15.00</subfield>
    <subfield code="l">0</subfield>
    <subfield code="o">336.3435  LIT 2007</subfield>
    <subfield code="r">2016-07-21 00:00:00</subfield>
    <subfield code="t">C-1</subfield>
    <subfield code="w">2016-07-21</subfield>
    <subfield code="y">BK</subfield>
  </datafield>
</record>
